LEADER 01385nam a2200337 u 4500 001 000000128143 003 CaOOAMICUS 005 20120322105343.0 008 120322s2011 it u000 u ita r 020 $a978-88-498-2968-6 040 $aPUL$bita 041 1 $aita$heng 082 04$a231 100 1 $aPlantinga, Alvin.$0(OLS)http://pul/name/81859 240 10$aReason and belief in God.$lItaliano.$0(OLS)http://pul/title/161920 245 10$aDio esiste :$bperchè affermarlo anche senza prove /$cAlvin Plantinga ; a cura di Roberto Di Ceglie. 260 $aSoveria Mannelli :$bRubbettino,$c2011. 300 $aXIX, 106 p. ;$c22 cm. 490 1 $aNovae Terrae ;$v10 504 $aBibliografia in nota. 650 4$aDio$xEsistenza$xProve.$0(OLS)http://pul/subject/403 700 1 $aDi Ceglie, Roberto.$0(OLS)http://pul/name/53965 830 0$aNovae Terrae (Rubbettino) ;$v10.$0(OLS)http://pul/title/137035 850 $aPUL 852 $aPUL$W1$xSL Religione 3$y85$m231 PLAAL 1$j148321$qDDC 21$B146921$CPULBib$Z2$F146921 $82 941 1 $a9 996 $6020$a978-88-498-2968-6$9(OLS)http://pul/number/149277 996 $6082$a231$9(OLS)http://pul/classification/408 996 $6245$aDio esiste :$bperchè affermarlo anche senza prove$9(OLS)http://pul/title/161921 996 $6260$aSoveria Mannelli :$bRubbettino$9(OLS)http://pul/publisher/51639 LEADER 01665nam a2200373 a 4500 001 000000159627 003 CaOOAMICUS 005 20170323101727.0 008 170323s1988 fr u000 u fre r 020 $z978-2-07-074632-3* 032 $aLibriCat 040 $aPUL$bita 041 1 $afre$hger 082 04$a193 100 1 $aHabermas, Jürgen,$d1929-$0(OLS)http://pul/name/516 240 14$aDer Philosophische Diskurs der Moderne.$lFrancese.$0(OLS)http://pul/title/199253 245 13$aLe discours philosophique de la modernité :$bdouze conférences /$cJurgen Habermas ; traduit de l'allemand par Christian Bouchindhomme et Rainer Rochlitz. 260 $aParis :$bGallimard,$c©1988 (stampa 2015) 300 $aX, 484 p. ;$c19 cm. 490 1 $aTel ;$v379 504 $aBibliografia p. [467]-484. 600 14$aHabermas, Jürgen,$d1929-$0(OLS)http://pul/subject/17635 650 4$aPostmodernismo$xAspetti filosofici.$0(OLS)http://pul/subject/34847 700 1 $aBouchindhomme, Christian.$0(OLS)http://pul/name/102088 700 1 $aRochlitz, Rainer.$0(OLS)http://pul/name/102089 830 0$aTel ;$v379.$0(OLS)http://pul/title/175683 850 $aPUL 852 $aPUL$W1$xSL Filosofia 3$y81$m193 HABJU 3$j183094$qDDC 21$B186300$CPULBib$Z2$F186300 $H129151 $81 941 1 $a9 996 $6020$z978-2-07-074632-3*$9(OLS)http://pul/number/162259 996 $6082$a193$9(OLS)http://pul/classification/412 996 $6245$aLe discours philosophique de la modernité :$bdouze conférences$9(OLS)http://pul/title/199252 996 $6260$aParis :$bGallimard$9(OLS)http://pul/publisher/48435